Alle Länder Afrikas in 5 Minuten - Statistiken

Allgemein
  • Dieses Quiz wurde 50 mal gespielt
  • Das Durchschnittsergebnis liegt bei 47 aus 54
Antwortstatistiken
Antwort % Korrekt
Ägypten
100%
Marokko
98%
Niger
98%
Algerien
95%
Demokratische Republik Kongo
95%
Mali
95%
Nigeria
95%
Republik Kongo
95%
Tschad
95%
Uganda
95%
Kap Verde
93%
Kenia
93%
Senegal
93%
Südafrika
93%
Sudan
93%
Südsudan
93%
Togo
93%
Äthiopien
90%
Elfenbeinküste
90%
Ghana
90%
Kamerun
90%
Madagaskar
90%
Benin
88%
Guinea
88%
Lesotho
88%
Libyen
88%
Tunesien
88%
Zentralafrikanische Republik
88%
Angola
85%
Äquatorialguinea
85%
Burkina Faso
85%
Eritrea
85%
Eswatini
85%
Mauretanien
85%
Sambia
85%
Simbabwe
85%
Gabun
83%
Liberia
83%
Mauritius
83%
Ruanda
83%
Somalia
83%
Tansania
83%
Botswana
80%
Burundi
80%
Dschibuti
80%
Gambia
80%
Mosambik
80%
Namibia
80%
Seychellen
80%
Sierra Leone
80%
Guinea-Bissau
78%
Komoren
76%
Malawi
76%
São Tomé und Príncipe
76%
Keine übereinstimmenden Quizze gefunden
Verteilung der Resultate
Anzahl Personen mit jedem Resultat
Perzentil nach korrekt beantworteten Fragen
Ihre Resultats-Entwicklung
Sie haben dieses Quiz noch nicht gespielt